|
|
|
|
| LEADER |
00000nam a22000007a 4500 |
| 008 |
181211b2018 cr ||||| |||| 00| 0 spa d |
| 999 |
|
|
|c 3597
|d 3597
|
| 090 |
|
|
|a 15.04.01
|b 2507
|
| 100 |
|
|
|9 3229
|a Alfaro Rojas, Lucrecia
|
| 245 |
1 |
0 |
|a Estado de la cuestión sobre modelos de evaluación y medición de programas de educación superior en el área de la salud /
|c Lucrecia Alfaro Rojas, Landy Chavarría Garita, Natalia Salas Segreda, María Paula Villarreal Galera
|
| 260 |
|
|
|a [San José, Costa Rica] :
|b INIE,
|c 2018
|
| 300 |
|
|
|a 193 páginas
|
| 500 |
|
|
|a Informe final Proyecto de investigación No. 724-B7-761
|
| 650 |
1 |
4 |
|9 268
|a SALUD
|
| 650 |
1 |
4 |
|9 287
|a EVALUACIÓN
|
| 650 |
1 |
4 |
|9 38
|a MEDICIÓN
|
| 650 |
1 |
4 |
|9 8
|a EDUCACIÓN SUPERIOR
|
| 700 |
|
|
|9 2505
|a Chavarría Garita, Landy Esther
|
| 700 |
|
|
|9 3231
|a Salas Segreda, Natalia
|
| 700 |
|
|
|9 3232
|a Villarreal Galera, María Paula
|
| 942 |
|
|
|i 004544
|h 15.04.01 2507
|2 z
|c 04
|